000 00525nam a2200205Ia 4500
003 GCL
008 140319s9999 xx 000 0 ara d
040 _aGCL /
_cGCL
082 0 4 _a301.01
_bل ع
100 1 _aلوك
245 1 0 _aالعقد الاجتماعى /
_cلوك
700 1 _aهيوم
700 1 _aروسو
300 _a412 ص
490 _aالالف كتاب
_v0
650 0 4 _aالديمقراطية
650 0 4 _aالاجتماع، علم
650 0 4 _aالعقد الاجتماعى
942 _2ddc
_cBK
999 _c43556
_d43556